000 00261nam a22001217a 4500
041 _aENG
100 _aJ.A Edminister
245 _aElectromagnetics 2/ed
260 _aNew Delhi
_bTata Mcgraw
_c1993
300 _a322
650 _aEOES (14 )
856 _uEOES
999 _c2683
_d2683